[Event "1516VL"]
[Site "Mecklenburg-Vorpommern"]
[Date "2016.02.21"]
[Round "6.8"]
[White "Focke, Adrian"]
[Black "Schamber, Dennis"]
[Result "1-0"]
[WhiteElo "1643"]
[BlackElo "1695"]
[PlyCount "73"]
[EventDate "2015.10.11"]
[EventType "team-tourn"]
[EventRounds "9"]
[EventCountry "GER"]
[SourceDate "2015.09.20"]
[WhiteTeam "SF Schwerin IV"]
[BlackTeam "SSC Rostock 07 II"]
[WhiteTeamCountry "GER"]
[BlackTeamCountry "GER"]

1. e4 c5 2. Nf3 e6 3. g3 a6 4. Bg2 d5 5. exd5 exd5 6. O-O Nf6 7. d4 c4 8. b3 b5
9. Re1+ Be7 10. Ba3 Ra7 11. Bc5 Rb7 12. Qe2 Ne4 13. Bxe7 Rxe7 14. Nfd2 Bf5 15.
Nxe4 Bxe4 16. Nc3 Nc6 17. Bxe4 dxe4 18. Rad1 Nxd4 19. Qe3 Nf3+ 20. Kh1 Qc8 21.
Nxe4 Nxe1 22. Nd6+ Kf8 23. Nxc8 Rxe3 24. fxe3 Ke8 25. Rxe1 Kd7 26. Rf1 f6 27.
Nb6+ Kc6 28. Nxc4 bxc4 29. Rd1 cxb3 30. cxb3 Re8 31. Rd3 Re5 32. Kg2 Rc5 33.
Rd2 g5 34. Kf3 h5 35. h3 Rf5+ 36. Kg2 Re5 37. Rf2 1-0

[Event "1516VL"]
[Site "Mecklenburg-Vorpommern"]
[Date "2016.02.21"]
[Round "6.1"]
[White "Ispirjan, Mikael"]
[Black "Waschk, Armin"]
[Result "1-0"]
[WhiteElo "1992"]
[BlackElo "2099"]
[PlyCount "89"]
[EventDate "2015.10.11"]
[EventType "team-tourn"]
[EventRounds "9"]
[EventCountry "GER"]
[SourceDate "2015.09.20"]
[WhiteTeam "SAV Torgelow"]
[BlackTeam "SG Guestrow/Teterow"]
[WhiteTeamCountry "GER"]
[BlackTeamCountry "GER"]

1. e4 c5 2. Nf3 d6 3. c3 Nf6 4. e5 Nd5 5. Be2 Nc6 6. d4 cxd4 7. exd6 Qxd6 8.
Nxd4 Nxd4 9. Qxd4 e6 10. O-O Bd7 11. Nd2 Nf4 12. Qe3 Nxe2+ 13. Qxe2 Be7 14. Rd1
Rd8 15. Nf3 Qc7 16. Ne5 O-O 17. Bf4 Qc8 18. Nxd7 Rxd7 19. Rxd7 Qxd7 20. Rd1 Qa4
21. Be5 Rd8 22. Rxd8+ Bxd8 23. b3 Qd7 24. Qg4 f6 25. Qd4 Qxd4 26. Bxd4 a6 27.
Kf1 Kf7 28. Ke2 e5 29. Be3 f5 30. Kd3 Ke6 31. Kc4 g5 32. a4 f4 33. Ba7 Bc7 34.
h3 h5 35. b4 b6 36. Kd3 Kf5 37. f3 g4 38. c4 gxh3 39. gxh3 Kg5 40. c5 bxc5 41.
bxc5 Kh4 42. Bb6 Bb8 43. c6 Kxh3 44. c7 Bxc7 45. Bxc7 1-0

[Event "1516VL"]
[Site "Mecklenburg-Vorpommern"]
[Date "2016.02.21"]
[Round "6.2"]
[White "Dettmann, Gerd"]
[Black "Zentgraf, Robert"]
[Result "1/2-1/2"]
[WhiteElo "2081"]
[BlackElo "2142"]
[PlyCount "120"]
[EventDate "2015.10.11"]
[EventType "team-tourn"]
[EventRounds "9"]
[EventCountry "GER"]
[SourceDate "2015.09.20"]
[WhiteTeam "SG Guestrow/Teterow"]
[BlackTeam "SAV Torgelow"]
[WhiteTeamCountry "GER"]
[BlackTeamCountry "GER"]

1. e4 c5 2. Nf3 g6 3. d4 cxd4 4. Nxd4 Bg7 5. Nc3 Nc6 6. Be3 Nf6 7. Be2 O-O 8.
O-O d6 9. Kh1 Bd7 10. Qd2 Nxd4 11. Bxd4 Bc6 12. f3 e5 13. Bf2 d5 14. exd5 Nxd5
15. Nxd5 Qxd5 16. Qxd5 Bxd5 17. Rfd1 Be6 18. c3 Rfc8 19. Bd3 Rc7 20. Bc2 f6 21.
Rd2 Bf8 22. Kg1 Kf7 23. a3 Bc5 24. Rad1 Bxf2+ 25. Kxf2 Ke7 26. g3 Rac8 27. Re1
Kf7 28. Be4 Ke7 29. Bc2 Kf7 30. h4 Re8 31. Rd6 Rc6 32. Rxc6 bxc6 33. Re4 Rb8
34. Rb4 Rb6 35. Rxb6 axb6 36. b4 Ke7 37. a4 Kd6 38. g4 c5 39. g5 f5 40. Ke3 Kd5
41. Bd3 c4 42. Bc2 Bc8 43. Kf2 Ke6 44. Kg3 Bb7 45. Bd1 Bc6 46. Be2 Kd5 47. Bd1
Ke6 48. a5 b5 49. h5 Kd5 50. h6 f4+ 51. Kf2 Be8 52. Bc2 Kc6 53. Be4+ Kc7 54.
Bd5 Kb8 55. Bg8 Kb7 56. Be6 Ka7 57. Bg8 Kb7 58. Kg2 Ka7 59. Kh3 Bd7+ 60. Kh4
Be8 1/2-1/2

[Event "1516VL"]
[Site "Mecklenburg-Vorpommern"]
[Date "2016.02.21"]
[Round "6.3"]
[White "Ehlers, Michael"]
[Black "Luther, Alexander"]
[Result "0-1"]
[WhiteElo "1945"]
[BlackElo "1961"]
[PlyCount "144"]
[EventDate "2015.10.11"]
[EventType "team-tourn"]
[EventRounds "9"]
[EventCountry "GER"]
[SourceDate "2015.09.20"]
[WhiteTeam "SAV Torgelow"]
[BlackTeam "SG Guestrow/Teterow"]
[WhiteTeamCountry "GER"]
[BlackTeamCountry "GER"]

1. e4 c5 2. Nf3 e6 3. Nc3 Nc6 4. Bb5 Nd4 5. Nxd4 cxd4 6. Nb1 Bd6 7. Qe2 Qc7 8.
c3 a6 9. Bd3 Ne7 10. g3 O-O 11. O-O dxc3 12. dxc3 f5 13. Bg5 Ng6 14. exf5 exf5
15. Bc4+ Kh8 16. Bd5 f4 17. Qd3 Ne5 18. Qe4 fxg3 19. Nd2 Bc5 20. Kg2 gxf2 21.
Bf4 d6 22. Nb3 Bf5 23. Qa4 b5 24. Qa5 Bb6 25. Qa3 Rae8 26. Nd4 Bh3+ 27. Kxh3
Qd7+ 28. Kg2 Rxf4 29. Qxa6 Qg4+ 30. Kh1 Bxd4 31. cxd4 Rxd4 32. Qxb5 Rc8 33.
Rac1 Rd8 34. Bg2 Nd3 35. Qb6 Rf8 36. h3 Qf4 37. Rcd1 Nc5 38. a3 Qe3 39. Rxd4
Qxd4 40. b4 Ne6 41. Qxd4 Nxd4 42. Be4 Rf4 43. Bb1 Nb3 44. Kg2 Nd2 45. Rxf2
Rxf2+ 46. Kxf2 Nxb1 47. b5 Nc3 48. b6 Ne4+ 49. Ke3 Nc5 50. Kd4 g5 51. Kd5 h5
52. Kxd6 Na6 53. Kc6 g4 54. hxg4 hxg4 55. Kb7 Nc5+ 56. Kc6 g3 57. Kxc5 g2 58.
Kc6 g1=Q 59. b7 Qg2+ 60. Kc7 Qc2+ 61. Kb6 Qb3+ 62. Kc7 Qc4+ 63. Kd7 Qb5+ 64.
Kc7 Qc5+ 65. Kd7 Qb6 66. Kc8 Qc6+ 67. Kb8 Kg7 68. Ka7 Qc5+ 69. Kb8 Kf7 70. a4
Ke7 71. a5 Qxa5 72. Kc8 Qd8# 0-1

[Event "1516VL"]
[Site "Mecklenburg-Vorpommern"]
[Date "2016.02.21"]
[Round "6.4"]
[White "Fidorra, Thomas"]
[Black "Schmekel, Florian"]
[Result "0-1"]
[WhiteElo "1940"]
[BlackElo "1929"]
[PlyCount "108"]
[EventDate "2015.10.11"]
[EventType "team-tourn"]
[EventRounds "9"]
[EventCountry "GER"]
[SourceDate "2015.09.20"]
[WhiteTeam "SG Guestrow/Teterow"]
[BlackTeam "SAV Torgelow"]
[WhiteTeamCountry "GER"]
[BlackTeamCountry "GER"]

1. e4 c5 2. Nc3 g6 3. f4 Bg7 4. Nf3 d6 5. Bb5+ Bd7 6. Bxd7+ Qxd7 7. O-O e6 8.
d3 Ne7 9. Qe1 Nbc6 10. Bd2 O-O 11. f5 exf5 12. Qh4 Ne5 13. Bh6 f6 14. Bxg7 Kxg7
15. Rae1 Rad8 16. Re3 g5 17. Nxg5 fxg5 18. Qxg5+ Kh8 19. Rg3 N5g6 20. h4 f4 21.
Rg4 Qe6 22. h5 Rg8 23. Nd5 Rdf8 24. hxg6 Rxg6 25. Qxe7 Qxe7 26. Nxe7 Rxg4 27.
Kf2 Rf6 28. c4 Rh6 29. Kf3 Rg3+ 30. Kxf4 Rxg2 31. Nf5 Rhg6 32. Ke3 Rxb2 33. a4
Rh2 34. Rb1 b6 35. a5 Rh3+ 36. Kd2 Rg2+ 37. Kc3 Rhh2 38. axb6 axb6 39. Nxd6 h5
40. Rf1 Rc2+ 41. Kb3 Rb2+ 42. Ka4 Rb4+ 43. Ka3 Rh3 44. Nf7+ Kg7 45. Ne5 h4 46.
Rf7+ Kg8 47. Rd7 Rg3 48. Nc6 h3 49. Rd8+ Kh7 50. Rd7+ Rg7 51. Rd5 Kh6 52. Nxb4
cxb4+ 53. Kxb4 h2 54. Rd8 h1=Q 0-1

[Event "1516VL"]
[Site "Mecklenburg-Vorpommern"]
[Date "2016.02.21"]
[Round "6.5"]
[White "Bauer, Norbert"]
[Black "Dettmann, Holger"]
[Result "1/2-1/2"]
[WhiteElo "1974"]
[BlackElo "1919"]
[PlyCount "37"]
[EventDate "2015.10.11"]
[EventType "team-tourn"]
[EventRounds "9"]
[EventCountry "GER"]
[SourceDate "2015.09.20"]
[WhiteTeam "SAV Torgelow"]
[BlackTeam "SG Guestrow/Teterow"]
[WhiteTeamCountry "GER"]
[BlackTeamCountry "GER"]

1. d4 Nf6 2. c4 e5 3. dxe5 Ng4 4. Nf3 Bc5 5. e3 Nc6 6. Bd2 Ngxe5 7. Nxe5 Nxe5
8. Bc3 Qe7 9. Be2 O-O 10. Nd2 Bb4 11. Qc2 Bxc3 12. Qxc3 b6 13. f4 Nc6 14. Bf3
Re8 15. e4 Qb4 16. Qxb4 Nxb4 17. e5 Rb8 18. Be4 Bb7 19. Bxb7 1/2-1/2

[Event "1516VL"]
[Site "Mecklenburg-Vorpommern"]
[Date "2016.02.21"]
[Round "6.6"]
[White "Kiel, Bernd"]
[Black "Kasel, Alexander"]
[Result "1-0"]
[WhiteElo "1914"]
[BlackElo "1607"]
[PlyCount "71"]
[EventDate "2015.10.11"]
[EventType "team-tourn"]
[EventRounds "9"]
[EventCountry "GER"]
[SourceDate "2015.09.20"]
[WhiteTeam "SG Guestrow/Teterow"]
[BlackTeam "SAV Torgelow"]
[WhiteTeamCountry "GER"]
[BlackTeamCountry "GER"]

1. e4 c5 2. c3 d5 3. exd5 Qxd5 4. d4 Nc6 5. Nf3 Bg4 6. Be2 cxd4 7. cxd4 e6 8.
Nc3 Qd6 9. O-O Nf6 10. Qb3 Qb4 11. Be3 Qxb3 12. axb3 a6 13. h3 Bh5 14. g4 Bg6
15. Ne5 Nxe5 16. dxe5 Nd7 17. f4 Bc2 18. Rfc1 Bxb3 19. Nb5 Kd8 20. Bf3 Rc8 21.
Nd4 Bd5 22. Bxd5 exd5 23. e6 Rxc1+ 24. Rxc1 Nc5 25. exf7 b6 26. Nc6+ Kd7 27.
Ne5+ Ke6 28. b4 Na4 29. Rc6+ Bd6 30. Bxb6 Ke7 31. Bd4 Ra8 32. Kf2 Bxb4 33. Rc7+
Kd8 34. Rd7+ Kc8 35. Rxd5 Rb8 36. Nc6 1-0

[Event "1516VL"]
[Site "Mecklenburg-Vorpommern"]
[Date "2016.02.21"]
[Round "6.7"]
[White "Troemer, Felix"]
[Black "Ramp, Oliver"]
[Result "1-0"]
[WhiteElo "1479"]
[BlackElo "1791"]
[PlyCount "59"]
[EventDate "2015.10.11"]
[EventType "team-tourn"]
[EventRounds "9"]
[EventCountry "GER"]
[SourceDate "2015.09.20"]
[WhiteTeam "SAV Torgelow"]
[BlackTeam "SG Guestrow/Teterow"]
[WhiteTeamCountry "GER"]
[BlackTeamCountry "GER"]

1. e4 c5 2. Nf3 e6 3. d4 cxd4 4. Nxd4 Nf6 5. Bd3 Nc6 6. Nb3 d5 7. exd5 Nxd5 8.
a3 g6 9. Qe2 Bg7 10. c4 Nde7 11. N1d2 O-O 12. O-O Nf5 13. Nf3 Qb6 14. Qc2 a5
15. c5 Qc7 16. Bxf5 exf5 17. Rd1 Ne5 18. Nbd4 Bd7 19. Nxe5 Bxe5 20. Nf3 Bg7 21.
Bf4 Qc6 22. Rd6 Qa4 23. Qd2 Bc6 24. Ne5 Bxe5 25. Bxe5 Qe4 26. f4 Qc4 27. Rc1
Qb5 28. Qc3 b6 29. cxb6 Qxb6+ 30. Bd4 1-0

[Event "1516VL"]
[Site "Mecklenburg-Vorpommern"]
[Date "2016.02.21"]
[Round "6.8"]
[White "Hornecker, Siegfried"]
[Black "Bollnow, Alex"]
[Result "1-0"]
[WhiteElo "1880"]
[BlackElo "1353"]
[PlyCount "95"]
[EventDate "2015.10.11"]
[EventType "team-tourn"]
[EventRounds "9"]
[EventCountry "GER"]
[SourceDate "2015.09.20"]
[WhiteTeam "SG Guestrow/Teterow"]
[BlackTeam "SAV Torgelow"]
[WhiteTeamCountry "GER"]
[BlackTeamCountry "GER"]

1. e4 c5 2. Nf3 Nc6 3. c3 d5 4. exd5 Qxd5 5. Qb3 Qxb3 6. axb3 e5 7. Bb5 f6 8.
d3 Bd7 9. O-O a6 10. Bc4 O-O-O 11. Be3 Nh6 12. d4 cxd4 13. cxd4 Bg4 14. Rc1
Bxf3 15. gxf3 Nxd4 16. Bxd4 exd4 17. Bxa6+ Kb8 18. Bd3 Nf7 19. Nd2 Ne5 20. Be4
g6 21. f4 Bh6 22. fxe5 Bxd2 23. Rd1 Bg5 24. e6 Rhe8 25. Ra4 f5 26. Bf3 Bf6 27.
Rb4 Re7 28. Rb5 Rc8 29. Rd2 Rcc7 30. Bd5 Rc1+ 31. Kg2 Rec7 32. Bc4 Re1 33. Re2
Rd1 34. Rd5 Kc8 35. Bb5 Re7 36. b4 Rc1 37. Rc5+ Rxc5 38. Bd7+ Kc7 39. bxc5 Bg5
40. b4 Bf4 41. Ra2 d3 42. Kf3 d2 43. Ke2 Rxd7 44. exd7 Kxd7 45. b5 g5 46. Ra7
Kc8 47. Ra8+ Kc7 48. Rh8 1-0

[Event "1516VL"]
[Site "Mecklenburg-Vorpommern"]
[Date "2016.02.21"]
[Round "6.2"]
[White "Kutschke, Peter"]
[Black "Wolke, Heiko"]
[Result "1-0"]
[WhiteElo "2000"]
[BlackElo "1961"]
[PlyCount "53"]
[EventDate "2015.10.11"]
[EventType "team-tourn"]
[EventRounds "9"]
[EventCountry "GER"]
[SourceDate "2015.09.20"]
[WhiteTeam "SF Schwerin III"]
[BlackTeam "SFO Warnemuende"]
[WhiteTeamCountry "GER"]
[BlackTeamCountry "GER"]

1. e4 c6 2. c4 d5 3. cxd5 cxd5 4. exd5 Nf6 5. Bb5+ Nbd7 6. Nc3 g6 7. d4 Bg7 8.
d6 exd6 9. Qe2+ Qe7 10. Bf4 d5 11. Bd6 Qxe2+ 12. Ngxe2 a6 13. Ba4 b5 14. Bb3
Nb6 15. O-O Nc4 16. Bc5 Bb7 17. Rfe1 Kd7 18. Nf4 Rhe8 19. Nd3 Ne4 20. Rad1 Nxc3
21. bxc3 Re4 22. Bb4 Rxe1+ 23. Rxe1 Bf6 24. Nc5+ Kc7 25. Bxc4 bxc4 26. Ba5+ Kc6
27. Rb1 1-0

[Event "1516VL"]
[Site "Mecklenburg-Vorpommern"]
[Date "2016.02.21"]
[Round "6.3"]
[White "Schumacher, Dirk"]
[Black "Wandel, Bernd"]
[Result "1/2-1/2"]
[WhiteElo "1958"]
[BlackElo "2023"]
[PlyCount "71"]
[EventDate "2015.10.11"]
[EventType "team-tourn"]
[EventRounds "9"]
[EventCountry "GER"]
[SourceDate "2015.09.20"]
[WhiteTeam "SFO Warnemuende"]
[BlackTeam "SF Schwerin III"]
[WhiteTeamCountry "GER"]
[BlackTeamCountry "GER"]

1. e4 c6 2. c4 d5 3. exd5 cxd5 4. cxd5 Nf6 5. Qa4+ Bd7 6. Qb3 Qb6 7. Qxb6 axb6
8. Nc3 Na6 9. Bxa6 bxa6 10. d4 b5 11. a3 Bf5 12. Be3 Rd8 13. Rc1 Nxd5 14. Nxd5
Rxd5 15. Nf3 g6 16. Ke2 Bg7 17. Rc7 Bf6 18. Rhc1 O-O 19. Ra7 Rd6 20. Ne5 Be4
21. Nd7 Re8 22. Nxf6+ exf6 23. Rcc7 Bd5 24. Kd3 g5 25. Kc3 Ree6 26. Kb4 Rc6 27.
g3 Rxc7 28. Rxc7 Bc4 29. Kc5 Kf8 30. Rc6 Ke7 31. Rxe6+ fxe6 32. Kb6 b4 33. Bd2
bxa3 34. Bb4+ Kd7 35. Bxa3 g4 36. Kc5 1/2-1/2

[Event "1516VL"]
[Site "Mecklenburg-Vorpommern"]
[Date "2016.02.21"]
[Round "6.4"]
[White "Wagner, Ralph"]
[Black "Hamann, Dirk"]
[Result "1-0"]
[WhiteElo "1989"]
[BlackElo "1911"]
[PlyCount "81"]
[EventDate "2015.10.11"]
[EventType "team-tourn"]
[EventRounds "9"]
[EventCountry "GER"]
[SourceDate "2015.09.20"]
[WhiteTeam "SF Schwerin III"]
[BlackTeam "SFO Warnemuende"]
[WhiteTeamCountry "GER"]
[BlackTeamCountry "GER"]

1. d4 Nf6 2. Nf3 g6 3. c4 Bg7 4. Nc3 d6 5. e4 O-O 6. Be2 c6 7. h3 Nbd7 8. O-O
e5 9. d5 cxd5 10. cxd5 Nc5 11. Qc2 a5 12. Nd2 Ne8 13. Bb5 f5 14. Bxe8 Rxe8 15.
Nc4 f4 16. f3 Bf8 17. a4 Bd7 18. Nb5 Bxb5 19. axb5 b6 20. Bd2 Rb8 21. b4 axb4
22. Bxb4 Qc7 23. Rfc1 Rec8 24. Na3 Qd7 25. Qd1 Be7 26. Bxc5 bxc5 27. Rc4 Bh4
28. Qb3 Rb6 29. Rb1 Rcb8 30. Rc2 Kg7 31. Rcb2 h5 32. Qa4 g5 33. Nc4 R6b7 34.
Qa6 Rd8 35. Qc6 Rbb8 36. Qxd7+ Rxd7 37. Ra2 Kf6 38. Ra6 Ke7 39. Na5 Ke8 40. Nc6
Rc8 41. b6 1-0

[Event "1516VL"]
[Site "Mecklenburg-Vorpommern"]
[Date "2016.02.21"]
[Round "6.6"]
[White "Goertz, Frank"]
[Black "Feindura, Rene"]
[Result "1/2-1/2"]
[WhiteElo "1906"]
[BlackElo "1843"]
[PlyCount "37"]
[EventDate "2015.10.11"]
[EventType "team-tourn"]
[EventRounds "9"]
[EventCountry "GER"]
[SourceDate "2015.09.20"]
[WhiteTeam "SF Schwerin III"]
[BlackTeam "SFO Warnemuende"]
[WhiteTeamCountry "GER"]
[BlackTeamCountry "GER"]

1. e4 c5 2. Nf3 e6 3. d4 cxd4 4. Nxd4 Nc6 5. c3 Qc7 6. Bd3 Nf6 7. O-O a6 8.
Nxc6 bxc6 9. Re1 e5 10. Bg5 Be7 11. Nd2 O-O 12. Nc4 d6 13. Ne3 g6 14. Bh6 Rd8
15. Qf3 Kh8 16. Bg5 Kg7 17. Bc4 Be6 18. Bxe6 fxe6 19. Bxf6+ 1/2-1/2

[Event "1516VL"]
[Site "Mecklenburg-Vorpommern"]
[Date "2016.02.21"]
[Round "6.7"]
[White "Schmidt, Reinhard"]
[Black "Kupfernagel, Michael"]
[Result "0-1"]
[WhiteElo "1795"]
[BlackElo "1901"]
[PlyCount "64"]
[EventDate "2015.10.11"]
[EventType "team-tourn"]
[EventRounds "9"]
[EventCountry "GER"]
[SourceDate "2015.09.20"]
[WhiteTeam "SFO Warnemuende"]
[BlackTeam "SF Schwerin III"]
[WhiteTeamCountry "GER"]
[BlackTeamCountry "GER"]

1. e4 c5 2. Nf3 d6 3. Bc4 e6 4. d4 cxd4 5. Nxd4 Nf6 6. Nc3 Be7 7. O-O O-O 8.
Bb3 a6 9. Kh1 Qc7 10. f4 Nc6 11. Nxc6 Qxc6 12. e5 dxe5 13. fxe5 Nd7 14. Qe1 b5
15. Qg3 Kh8 16. Be3 Bb7 17. Rf2 Bc5 18. Raf1 Bxe3 19. Qxe3 Rad8 20. Qg3 Kg8 21.
Ne2 Nc5 22. Qg4 Ne4 23. Rf3 Nd2 24. Rg3 g6 25. Rc1 Ne4 26. Rf3 Qb6 27. Qh4 Rd2
28. Qe1 Rfd8 29. h3 Qc7 30. Rd3 Rxe2 31. Qxe2 Rxd3 32. cxd3 Qxc1+ 0-1

[Event "1516VL"]
[Site "Mecklenburg-Vorpommern"]
[Date "2016.02.21"]
[Round "6.8"]
[White "Dittrich, Carsten"]
[Black "Birnbaum, Wolf Dieter"]
[Result "1/2-1/2"]
[WhiteElo "1828"]
[BlackElo "1782"]
[PlyCount "49"]
[EventDate "2015.10.11"]
[EventType "team-tourn"]
[EventRounds "9"]
[EventCountry "GER"]
[SourceDate "2015.09.20"]
[WhiteTeam "SF Schwerin III"]
[BlackTeam "SFO Warnemuende"]
[WhiteTeamCountry "GER"]
[BlackTeamCountry "GER"]

1. d4 Nf6 2. Nf3 g6 3. e3 Bg7 4. Bd3 d5 5. Nbd2 c5 6. c3 cxd4 7. exd4 O-O 8.
O-O Nc6 9. Re1 Bg4 10. h3 Bxf3 11. Nxf3 Qd6 12. Bg5 a6 13. Qd2 Rfd8 14. Re2 b5
15. a3 Nh5 16. g4 Nf6 17. Bh6 e6 18. Bxg7 Kxg7 19. Ne5 Nd7 20. Nxc6 Qxc6 21.
Qf4 Nf6 22. Kg2 Qd6 23. Qf3 h5 24. g5 Nd7 25. Qg3 1/2-1/2

[Event "1516VL"]
[Site "Mecklenburg-Vorpommern"]
[Date "2016.02.21"]
[Round "6.2"]
[White "Boehme, Andy"]
[Black "Hubert, Peter"]
[Result "0-1"]
[WhiteElo "2048"]
[BlackElo "1986"]
[PlyCount "138"]
[EventDate "2015.10.11"]
[EventType "team-tourn"]
[EventRounds "9"]
[EventCountry "GER"]
[SourceDate "2015.09.20"]
[WhiteTeam "SV BW Grevesmuehlen"]
[BlackTeam "FHSG Stralsund"]
[WhiteTeamCountry "GER"]
[BlackTeamCountry "GER"]

1. Nf3 Nf6 2. g3 d6 3. Bg2 e5 4. d3 g6 5. c3 Bg7 6. Na3 O-O 7. O-O c6 8. e4 h6
9. h3 Be6 10. Be3 Kh7 11. Kh1 Nbd7 12. Ng1 Nh5 13. Bf3 Nhf6 14. Kh2 d5 15. Bg2
Qa5 16. Qe2 Qa4 17. Qc2 Qxc2 18. Nxc2 g5 19. Rfd1 a5 20. f3 b5 21. Ne2 Rfe8 22.
Rd2 c5 23. Bf2 d4 24. Na3 Rab8 25. f4 gxf4 26. gxf4 b4 27. cxb4 axb4 28. Nc2
Nb6 29. b3 exf4 30. Nxf4 Nfd7 31. Nxe6 Be5+ 32. Bg3 Bxg3+ 33. Kxg3 fxe6 34. Ne1
Rg8+ 35. Kh2 Ne5 36. a4 bxa3 37. Rxa3 Rb7 38. Ra5 Nbd7 39. Ra6 Rg6 40. Ra3 Rf6
41. Kg1 Rf8 42. Rf2 Rfb8 43. Ra6 Rb6 44. Rxb6 Rxb6 45. Rb2 c4 46. dxc4 Nxc4 47.
Rc2 Nce5 48. Nf3 Nxf3+ 49. Bxf3 Kg6 50. Bd1 Kf6 51. Rc4 Ke5 52. Bc2 Rd6 53. Kf2
Kf4 54. Ra4 Ne5 55. b4 d3 56. Bd1 Rb6 57. Bh5 Rc6 58. Bd1 Rc1 59. Bg4 Rc2+ 60.
Ke1 Ke3 61. Kf1 Nxg4 62. hxg4 Rc1+ 63. Kg2 d2 64. Ra3+ Ke2 65. Ra2 Kd3 66. Ra3+
Kxe4 67. Ra6 Ke5 68. Ra5+ Kf6 69. g5+ hxg5 0-1

[Event "1516VL"]
[Site "Mecklenburg-Vorpommern"]
[Date "2016.02.21"]
[Round "6.3"]
[White "Glawe, Hartmut"]
[Black "Naujok, Joerg"]
[Result "0-1"]
[WhiteElo "1908"]
[BlackElo "1953"]
[PlyCount "82"]
[EventDate "2015.10.11"]
[EventType "team-tourn"]
[EventRounds "9"]
[EventCountry "GER"]
[SourceDate "2015.09.20"]
[WhiteTeam "FHSG Stralsund"]
[BlackTeam "SV BW Grevesmuehlen"]
[WhiteTeamCountry "GER"]
[BlackTeamCountry "GER"]

1. d4 Nf6 2. c4 g6 3. Nc3 Bg7 4. e4 d6 5. Nf3 O-O 6. h3 Nbd7 7. Be2 e5 8. d5
Nc5 9. Qc2 a5 10. Bg5 h6 11. Be3 b6 12. g4 Ne8 13. Rg1 Bd7 14. Nd2 Rb8 15. Nf1
Kh7 16. Ng3 Bf6 17. Qd2 Bg5 18. h4 Bxe3 19. Qxe3 Qf6 20. g5 Qf4 21. Kd2 Qxe3+
22. Kxe3 f5 23. exf5 gxf5 24. f4 Ng7 25. Raf1 Rbe8 26. Kd2 Re7 27. Bd1 exf4 28.
Rxf4 hxg5 29. hxg5 Kg6 30. Bc2 Rh8 31. Rf2 Rh4 32. Nce2 Rg4 33. Nxf5 Rxe2+ 34.
Kxe2 Rxg1 35. Nh4+ Kh5 36. Rh2 Kg4 37. Nf3 Kg3 38. Rf2 Rg2 39. Rxg2+ Kxg2 40.
Ke3 Kg3 41. Bd1 Bg4 0-1

[Event "1516VL"]
[Site "Mecklenburg-Vorpommern"]
[Date "2016.02.21"]
[Round "6.4"]
[White "Wecke, Thoralf"]
[Black "Kohn, Andreas"]
[Result "1/2-1/2"]
[WhiteElo "1907"]
[BlackElo "1947"]
[PlyCount "23"]
[EventDate "2015.10.11"]
[EventType "team-tourn"]
[EventRounds "9"]
[EventCountry "GER"]
[SourceDate "2015.09.20"]
[WhiteTeam "SV BW Grevesmuehlen"]
[BlackTeam "FHSG Stralsund"]
[WhiteTeamCountry "GER"]
[BlackTeamCountry "GER"]

1. d4 c5 2. dxc5 Qa5+ 3. c3 Qxc5 4. e4 Nf6 5. Be3 Qc7 6. f3 e6 7. Nd2 Bc5 8.
Bxc5 Qxc5 9. Nb3 Qb6 10. Qd4 Qc7 11. O-O-O Nc6 12. Qd6 1/2-1/2

[Event "1516VL"]
[Site "Mecklenburg-Vorpommern"]
[Date "2016.02.21"]
[Round "6.5"]
[White "Kohn, Thomas"]
[Black "Stiegler, Maik"]
[Result "0-1"]
[WhiteElo "1854"]
[BlackElo "1888"]
[PlyCount "127"]
[EventDate "2015.10.11"]
[EventType "team-tourn"]
[EventRounds "9"]
[EventCountry "GER"]
[SourceDate "2015.09.20"]
[WhiteTeam "FHSG Stralsund"]
[BlackTeam "SV BW Grevesmuehlen"]
[WhiteTeamCountry "GER"]
[BlackTeamCountry "GER"]

1. Nf3 c5 2. e4 g6 3. d4 Bg7 4. Bc4 cxd4 5. Nxd4 Nc6 6. Be3 Nf6 7. Nc3 a6 8. f3
d6 9. Qd2 Bd7 10. O-O-O h5 11. h4 Na5 12. Bb3 Rc8 13. Kb1 b5 14. Rdg1 Nc4 15.
Bxc4 Rxc4 16. Nde2 b4 17. Nd5 Nxd5 18. Qxd5 Be6 19. Qd2 Qa5 20. b3 Qe5 21. c3
bxc3 22. Qc2 Qb5 23. Rd1 O-O 24. Nd4 Bxd4 25. Rxd4 Rfc8 26. Kc1 Rxd4 27. Bxd4
a5 28. Bxc3 a4 29. bxa4 Qc5 30. Kb2 Qc4 31. Ra1 Rb8+ 32. Kc1 Qf1+ 33. Qd1 Qxg2
34. a3 Bb3 35. Rb1 Qa2 36. Qd2 Qxa3+ 37. Qb2 Qxa4 38. Ra1 Qc4 39. Kd2 Qc5 40.
Bd4 Qb5 41. Rc1 e5 42. Bc3 Qb6 43. Rf1 Ra8 44. Ra1 Qf2+ 45. Kd3 Qxf3+ 46. Kd2
Rxa1 47. Qxa1 Qxe4 48. Qb2 Qf4+ 49. Ke2 Bc4+ 50. Kd1 Qf1+ 51. Kd2 Qe2+ 52. Kc1
Qxb2+ 53. Bxb2 f6 54. Kd2 g5 55. hxg5 fxg5 56. Ke3 Kf7 57. Ba3 Ke6 58. Kf3 d5
59. Bc1 Kf5 60. Bb2 d4 61. Bc1 e4+ 62. Kf2 e3+ 63. Kf3 Bd5+ 64. Kg3 0-1

[Event "1516VL"]
[Site "Mecklenburg-Vorpommern"]
[Date "2016.02.21"]
[Round "6.6"]
[White "Streit, Bodo"]
[Black "Giese, Lothar"]
[Result "1-0"]
[WhiteElo "1765"]
[BlackElo "1800"]
[PlyCount "145"]
[EventDate "2015.10.11"]
[EventType "team-tourn"]
[EventRounds "9"]
[EventCountry "GER"]
[SourceDate "2015.09.20"]
[WhiteTeam "SV BW Grevesmuehlen"]
[BlackTeam "FHSG Stralsund"]
[WhiteTeamCountry "GER"]
[BlackTeamCountry "GER"]

1. b4 e5 2. Bb2 d6 3. e4 Nf6 4. Nc3 Be6 5. Nf3 Be7 6. Bb5+ c6 7. Ba4 O-O 8. Ng5
d5 9. Nxe6 fxe6 10. exd5 exd5 11. O-O Bxb4 12. Bb3 Bd6 13. d3 Nbd7 14. Ne4 Nb6
15. Nxd6 Qxd6 16. a4 Kh8 17. a5 Nbd7 18. Qf3 e4 19. Qf5 exd3 20. Ba3 c5 21.
cxd3 b5 22. d4 b4 23. dxc5 Qxc5 24. Bb2 d4 25. Qd3 Ne5 26. Qxd4 Qxd4 27. Bxd4
Nc6 28. Bc5 Rfd8 29. a6 Ne4 30. Be3 Nd2 31. Bxd2 Rxd2 32. Rad1 Rad8 33. Rxd2
Rxd2 34. Rc1 Rb2 35. Bd1 Rd2 36. Bf3 Ne7 37. Rc7 Ra2 38. g3 Rxa6 39. Rxe7 g6
40. Rb7 Ra1+ 41. Kg2 a5 42. h4 Ra3 43. Bd5 Rd3 44. Bf7 Ra3 45. g4 Kg7 46. g5
Kf8 47. h5 gxh5 48. Bxh5 b3 49. Rf7+ Kg8 50. Rb7 a4 51. Bf3 Ra1 52. Bc6 Kf8 53.
Rb4 a3 54. Rxb3 a2 55. Ra3 Rc1 56. Ra8+ Ke7 57. Rxa2 Rxc6 58. Ra7+ Ke6 59. Rxh7
Kf5 60. Rg7 Rc3 61. Rg8 Rc4 62. Kh3 Kf4 63. Kh4 Kf5+ 64. Kh5 Rc1 65. Rf8+ Ke6
66. f4 Ke7 67. Rf6 Rh1+ 68. Kg6 Ra1 69. f5 Rh1 70. Rf7+ Ke8 71. Ra7 Rd1 72. f6
Rd6 73. Kg7 1-0

[Event "1516VL"]
[Site "Mecklenburg-Vorpommern"]
[Date "2016.02.21"]
[Round "6.7"]
[White "Vietinghoff, Klaus"]
[Black "Haase, Sebastian"]
[Result "1/2-1/2"]
[WhiteElo "1757"]
[BlackElo "1731"]
[PlyCount "78"]
[EventDate "2015.10.11"]
[EventType "team-tourn"]
[EventRounds "9"]
[EventCountry "GER"]
[SourceDate "2015.09.20"]
[WhiteTeam "FHSG Stralsund"]
[BlackTeam "SV BW Grevesmuehlen"]
[WhiteTeamCountry "GER"]
[BlackTeamCountry "GER"]

1. f4 g6 2. Nf3 Bg7 3. e3 d6 4. d4 Nf6 5. c3 Nbd7 6. Bc4 h6 7. O-O Nb6 8. Bd3
c5 9. Qe1 Bd7 10. Nbd2 Qc7 11. Qf2 Ng4 12. Qe2 Nd5 13. Ne4 f5 14. Nf2 Nxf2 15.
Rxf2 Nf6 16. Nh4 Kf7 17. Bd2 b5 18. h3 c4 19. Bc2 h5 20. e4 e6 21. Re1 Rae8 22.
e5 Nd5 23. Qf3 Bh6 24. Bxf5 gxf5 25. Qxh5+ Ke7 26. Ng6+ Kd8 27. Nxh8 Rxh8 28.
g4 Be8 29. Qh4+ Qe7 30. Qxe7+ Kxe7 31. Kg2 Rg8 32. g5 Bg7 33. h4 Bh5 34. Kg3
Kd7 35. Ra1 Rb8 36. b4 dxe5 37. dxe5 Kc6 38. a4 a6 39. axb5+ axb5 1/2-1/2